Estructuras algebraicas VI : (formas cuadráticas) /
Guardado en:
| Autor Principal: | |
|---|---|
| Formato: | Libro |
| Idioma: | Spanish |
| Publicado: |
Washington, D.C. :
Secretaría General de la Organización de los Estados Americanos, Programa Regional de Desarrollo Científico y Tecnológico,
1981.
|
| Series: | Colección de monografías científicas. Serie de matemática ;
monografía no. 23 |
| Materias: | |
| Etiquetas: |
Agregar Etiqueta
Sin Etiquetas, Sea el primero en etiquetar este registro!
|
| LEADER | 01357nam a2200241 a 4500 | ||
|---|---|---|---|
| 001 | MAT.inmabb005339 | ||
| 008 | 830215s1981####dcu######b###i001#0#spa## | ||
| 005 | 20180509132120.0 | ||
| 245 | 1 | 0 | |a Estructuras algebraicas VI : |b (formas cuadráticas) / |c por Francisco M. Piscoya H. |
| 260 | |a Washington, D.C. : |b Secretaría General de la Organización de los Estados Americanos, Programa Regional de Desarrollo Científico y Tecnológico, |c 1981. | ||
| 300 | |a vi, 98 p. ; |c 23 cm. | ||
| 440 | 0 | |a Colección de monografías científicas. |p Serie de matemática ; |v monografía no. 23 | |
| 504 | |a Incluye referencias bibliográficas (p. 89-90) e índice. | ||
| 505 | 0 | |a 1. Formas cuadráticas y espacios cuadráticos -- 2. Formas cuadráticas sobre extensiones algebraicas de cuerpos -- 3. Formas cuadráticas sobre cuerpos formalmente reales y pitagóricos -- 4. Formas cuadráticas sobre extensiones trascendentes y cuerpos de funciones de una forma cuadrática -- Apéndice complementario al capítulo 1. Formas cuadráticas sobre cuerpos p-ádicos. | |
| 020 | |a 0827013590 | ||
| 100 | 1 | |a Piscoya H., Francisco M. | |
| 246 | 3 | |a Estructuras algebraicas 6 | |
| 084 | |a 11Exx |2 msc2000 | ||
| 650 | 0 | |a Forms, Quadratic. | |
| 010 | |a 81209696 | ||
| 040 | |a DLC |c DLC |d DLC | ||
| 859 | |h 11 |i P676 |p A-9188 |b BIB. MATEMATICA | ||
| 859 | |h 11 |i P676 |p A-9189 |t Ej. 2 |b BIB. MATEMATICA | ||
